000 00847nam a2200253Ia 4500
003 OSt
005 20220923211207.0
006 a|||||r|||| 00| 0
007 ta
008 220922b |||||||| |||| 00| 0 per d
020 _a9780994610409 (hbk)
_c500
024 _a324,119
037 _b1007, 15/01/2018, H.K. Prakashan
_cTextual
040 _aARTS
_cARTS
_bper
041 _2per
_aper
082 _aQ8441, 153Q3
100 _aਵਿਕਰਮ ਸਿੰਘ, ਂਚ.
_9156363
245 0 _aਏਕ ਓਅੰਕਾਰ ਦਰFਨ
260 _aਅੰਮ੍ਰਿਤਸਰ
_b ਨਾਦ ਪ੍ਰਗਾਸੁ
_c2013
300 _a270ਪੰ
_ccm.
650 _aਸਿੱਖ ਧਰਮ
_9156314
942 _hQ8441, 153Q3
_cTEXL
_2CC
999 _c296649
_d296649